Logo BPK

Biblioteka

Politechniki Koszalińskiej

Sprawozdanie z działalności Komisji Nadzoru Finansowego w 2010 roku / (Rekord nr 53870)

Szczegóły MARC
000 -ETYKIETA REKORDU
podpole kontrolne o stałej długości 00832nam a2200265 i 4500
001 - NUMER KONTROLNY REKORDU
pole kontrolne bg
022 ## - MIĘDZYNARODOWY ZNORMALIZOWANY NUMER WYDAWNICTW CIĄGŁYCH - ISSN
ISSN 1899-8046
040 ## - ŹRÓDŁO KATALOGOWANIA
Instytucja, która utworzyła rekord BPK
041 0# - KOD JĘZYKA
Kod języka tekstu pol
044 ## - KOD KRAJU WYDAWCY/PRODUCENTA
Kod kraju wydawcy/producenta POL
080 ## - UNIWERSALNA KLASYFIKACJA DZIESIĘTNA - UKD
UKD 336.7
080 ## - UNIWERSALNA KLASYFIKACJA DZIESIĘTNA - UKD
UKD 005.584
080 ## - UNIWERSALNA KLASYFIKACJA DZIESIĘTNA - UKD
UKD (438)
080 ## - UNIWERSALNA KLASYFIKACJA DZIESIĘTNA - UKD
UKD (06)
008 - POLE O STAŁEJ DŁUGOŚCI - DANE KONTROLNE
podpole kontrolne o stałej długości 130116s pl a f |000 0 pol
110 1# - NAZWA CIAŁA ZBIOROWEGO
Nazwa ciała zbiorowego Polska.
Nazwa jednostki podrzędnej Komisja Nadzoru Finansowego.
245 ## - TYTUŁ/ODPOWIEDZIALNOŚĆ
Tytuł Sprawozdanie z działalności Komisji Nadzoru Finansowego w 2010 roku /
Pozostałe elementy strefy tytułu i oznaczenia odpowiedzialności Komisja Nadzoru Finasowego.
260 ## - STREFA ADRESU WYDAWNICZEGO
Miejsce wydania Warszawa :
Nazwa wydawcy/dystrybutora Komisja Nadzoru Finansowego,
Data publikacji, dystrybucji/powstania dokumentu 2011.
300 ## - STREFA OPISU FIZYCZNEGO
Objętość 240 s. :
Inne cechy fizyczne il. ;
Rozmiary 30 cm.
610 29 - HASŁO PRZEDMIOTOWE W FORMIE NAZWY CIAŁA ZBIOROWEGO
Nazwa ciała zbiorowego lub nazwa geograficzna Komisja Nadzoru Finansowego
Określnik formalny sprawozdania
650 #9 - HASŁO PRZEDMIOTOWE W FORMIE NAZWY OGÓLNEJ LUB JEDNOSTKOWEJ
Nazwa ogólna lub geograficzna Rynki finansowe
Określnik ogólny kontrola
Określnik geograficzny Polska
Określnik chronologiczny od 2001 r.
650 #9 - HASŁO PRZEDMIOTOWE W FORMIE NAZWY OGÓLNEJ LUB JEDNOSTKOWEJ
Nazwa ogólna lub geograficzna Budżet państwowy
Określnik ogólny kontrola
Określnik geograficzny Polska
Określnik chronologiczny od 2001 r.
710 2# - HASŁO DODATKOWE - NAZWA CIAŁA ZBIOROWEGO
Nazwa ciała zbiorowego lub jednostki geograficznej Komisja Nadzoru Finansowego (Warszawa)
856 ## - LOKALIZACJA I DOSTĘP DO ELEKTRONICZNYCH DOKUMENTÓW ZDALNYCH
Link (URL) http://koha.tu.koszalin.pl/cgi-bin/koha/opac-detail.pl?biblionumber=53870
Tekst linku Katalog online BPK
942 ## - DODATKOWE ELEMENTY (KOHA)
Typ dokumentu Książka
Egzemplarze
Wycofany Status egzemplarza Uszkodzony Dostępność Lokalizacja stała Lokalizacja bieżąca Miejsce przechowywania Sygnatura Kod kreskowy Typ dokumentu Ostatnio wypożyczono
      Tylko na miejscu Biblioteka Politechniki Koszalińskiej Biblioteka Politechniki Koszalińskiej Czytelnia Wydziałowa ul. Kwiatkowskiego 6e S 1690 02546766 Książka  
      Dostępny Biblioteka Politechniki Koszalińskiej Biblioteka Politechniki Koszalińskiej Wypożyczalnia BG S 1691 02546759 Książka 03.12.2014
© 2023 Biblioteka Politechniki Koszalińskiej :: KOHA